Szegeden keresztül építik meg a nemzetközi autóút magyar szakaszát? Klebelsberg az idegenforgalmi kérdésekről Klebelsberg az idegenforgalmi kérdésekről

Elmentve itt :
Bibliográfiai részletek
Dokumentumtípus: Cikk
Megjelent: 1932-02-09
Sorozat:Délmagyarország 8 No. 31
Kulcsszavak:Klebelsberg Kuno, Nemzetközi autóút
Online Access:http://dmarchiv.bibl.u-szeged.hu/47634
LEADER 00560nab a2200145 i 4500
001 delm47634
005 20180927134917.0
008 180927s1932 hu o 0|| hun d
040 |a SZTE Délmagyarország Archívum  |b hun 
041 |a hun 
245 0 0 |a Szegeden keresztül építik meg a nemzetközi autóút magyar szakaszát? Klebelsberg az idegenforgalmi kérdésekről   |h [elektronikus dokumentum] :  |b Klebelsberg az idegenforgalmi kérdésekről 
260 |c 1932-02-09 
300 |a 5 
490 0 |a Délmagyarország  |v 8 No. 31 
695 |a Klebelsberg Kuno, Nemzetközi autóút